Szczegóły MARC21

Wieczne dzieci czy dorośli : problem seksualności osób z niepełnosprawnością intelektualną /

003 -Nazwa inst., której nr kontr. jest w polu 001 [,]
    • @
    • Nazwa instytucji, której n kontrolny jest w polu 001
    • NUKAT
005 -DATA I CZAS OSTATNIEJ MODYFIKACJI [,]
    • @
    • pole kontrolne
    • 20241231100752.0
020 -Międzynarod. znormalizowany nr książki - ISBN [ , ]
    • a
    • Numer ISBN
    • 839182120X Find
040 -Instytucja sporządzająca opis [ , ]
    • a
    • Instytucja, która sporządziła opis (NP)
    • WA M/GM
    • c
    • Instytucja, która sporządziła rekord (NP)
    • WA M/GM
    • d
    • Instytucja, która zmodyfikowała rekord (P)
    • WA M/IW
    • d
    • Instytucja, która zmodyfikowała rekord (P)
    • WR U/BKs
942 -Rodzaj dokumentu [ , ]
    • c
    • Rodzaj dokumentu
    • Książka
245 -Strefa tytułu i oznaczenia odpowiedzialności [0,0]
    • a
    • Tytuł
    • Wieczne dzieci czy dorośli : Find
    • b
    • Ciąg dalszy tytułu (NP)
    • problem seksualności osób z niepełnosprawnością intelektualną / Find
    • c
    • Pozostałe elementy strefy tytułu i oznaczenia odpowiedzialności (NP)
    • [przygot. tekstów Janina Graban].
260 -Strefa adresu wydawniczego [ , ]
    • a
    • Miejsce wydania (P)
    • Warszawa :
    • b
    • Nazwa wydawcy (P)
    • Stowarzyszenie Rodzin i Opiekunów Osób z Zespołem Downa "Bardziej Kochani",
    • c
    • Data wydania (P)
    • 2002.
300 -Strefa opisu fizycznego [ , ]
    • a
    • Określenie formy książki i/lub objętość (NP)
    • 88 s. ;
    • c
    • Format (NP)
    • 24 cm.
336 -Typ zawartości [ , ]
    • a
    • Termin opisujący typ zawartości
    • Tekst
    • b
    • Kod określający zawartość
    • txt
    • 2
    • Źródło (terminu i kodu)
    • rdacontent
337 -Typ mediów [ , ]
    • a
    • Tryb odtwarzania
    • Bez urządzenia pośredniczącego
    • b
    • Kod typu mediów
    • n
    • 2
    • Źródło (terminu i kodu)
    • rdamedia
338 -Typ/rodzaj nośnika [ , ]
    • a
    • Hasło opisujące typ nośnika
    • Wolumin
    • b
    • Kod typu nośnika
    • nc
    • 2
    • Źródło (terminu i kodu)
    • rdacarrier
504 -Uwaga dot. bibliogr. załącznikowej [ , ]
    • a
    • Uwaga dot. bibliografii załącznikowej
    • Bibliogr. s. 57.
505 -Uwaga dot. zawartości książki [0, ]
    • a
    • Uwaga dot. zawartości książki
    • Seksualność osób z zespołem Downa / Daria Mejnartowicz. Wieczne dzieci czy dorośli / Iwona Wojtczak-Grzesińska, Aleksandra Malinowska. Seksualność dorosłych z niepełnosprawnością intelektualną / Pavlina Suchankova. Kobiety upośledzone umysłowo o sobie - seksualność, stereotypy, identyfikacja / Agnieszka Kumaniecka-Wiśniewska.
080 -Uniwersalna Klasyfikacja Dziesiętna [ , ]
    • a
    • Symbol klasyfikacji
    • 616.899
    • 9
    • UKD
    • 4781
    • 2
    • Identyfikator wydania tablic
    • UDC-P058
    • b
    • Dopowiedzenie
    • Ubytek psychiczny (amnezja). Niedorozwój umysłowy. Imbecylizm. Idiotyzm. Mongolizm. Kretynizm.
080 -Uniwersalna Klasyfikacja Dziesiętna [ , ]
    • a
    • Symbol klasyfikacji
    • :613.88
080 -Uniwersalna Klasyfikacja Dziesiętna [ , ]
    • a
    • Symbol klasyfikacji
    • :316.64(438)"1989/..."
650 -Hasło przedmiotowe [ ,7]
    • a
    • Hasło przedmiotowe
    • Edukacja seksualna osób z niepełnosprawnością intelektualną.
    • 2
    • Źródło terminu
    • kaba
    • 9
    • KHW
    • 107262
650 -Hasło przedmiotowe [ ,7]
    • a
    • Hasło przedmiotowe
    • Kobiety
    • x
    • Określnik rzeczowy
    • psychologia
    • v
    • Określnik formalny
    • studium przypadku.
    • 2
    • Źródło terminu
    • kaba
    • 9
    • KHW
    • 382881
650 -Hasło przedmiotowe [ ,7]
    • a
    • Hasło przedmiotowe
    • Niepełnosprawność intelektualna
    • x
    • Określnik rzeczowy
    • aspekt psychologiczny
    • v
    • Określnik formalny
    • studium przypadku.
    • 2
    • Źródło terminu
    • kaba
    • 9
    • KHW
    • 714640
650 -Hasło przedmiotowe [ ,7]
    • a
    • Hasło przedmiotowe
    • Osoby z niepełnosprawnością intelektualną
    • x
    • Określnik rzeczowy
    • seksualność.
    • 2
    • Źródło terminu
    • kaba
    • 9
    • KHW
    • 392080
980 -Symbol UKD [ , ]
    • a
    • UKD
    • 616.899:613.88:316.64(438)"1989/..."
700 -Hasło dodatkowe - nazwa osobowa [1, ]
    • a
    • Nazwa osobowa (NP)
    • Graban, Janina Find
    • d
    • Daty biograficzne (NP)
    • (1955- ).
    • e
    • Określenie rodzaju współpracy
    • Oprac.
    • 9
    • KHW
    • 714446
700 -Hasło dodatkowe - nazwa osobowa [1,2]
    • a
    • Nazwa osobowa (NP)
    • Mejnartowicz, Daria. Find
    • t
    • Tytuł ujednolicony/tytuł (NP)
    • Seksualność osób z zespołem Downa Find
    • l
    • Język tekstu (NP)
    • (pol.)
    • 9
    • KHW
    • 714454
700 -Hasło dodatkowe - nazwa osobowa [1,2]
    • a
    • Nazwa osobowa (NP)
    • Wojtczak-Grzesińska, Iwona. Find
    • t
    • Tytuł ujednolicony/tytuł (NP)
    • Wieczne dzieci czy dorośli Find
    • l
    • Język tekstu (NP)
    • (pol.)
    • 9
    • KHW
    • 714453
700 -Hasło dodatkowe - nazwa osobowa [1,2]
    • a
    • Nazwa osobowa (NP)
    • Suchankova, Pavlina. Find
    • t
    • Tytuł ujednolicony/tytuł (NP)
    • Seksualność dorosłych z niepełnosprawnością intelektualną Find
    • l
    • Język tekstu (NP)
    • (pol.)
    • 9
    • KHW
    • 714452
700 -Hasło dodatkowe - nazwa osobowa [1,2]
    • a
    • Nazwa osobowa (NP)
    • Kumaniecka-Wiśniewska, Agnieszka. Find
    • t
    • Tytuł ujednolicony/tytuł (NP)
    • Kobiety upośledzone umysłowo o sobie - seksualność, stereotypy, identyfikacja Find
    • l
    • Język tekstu (NP)
    • (pol.)
    • 9
    • KHW
    • 714451
700 -Hasło dodatkowe - nazwa osobowa [1, ]
    • a
    • Nazwa osobowa (NP)
    • Malinowska, Aleksandra Find
    • c
    • Dopowiedzenie inne niż daty biograficzne (NP)
    • (pedagogika specjalna).
    • 9
    • KHW
    • 714449
920 -ISBN [ , ]
    • a
    • ISBN
    • 83-918212-0-X Find
Data inwentaryzacji Lokalizacja Status udost. Numer inwentarzowy
2005-12-08BG1Pd.17519